Evaluačný systém typu Q & A v edukačnom prostredi s online aplikáciou

Guardado en:
Detalles Bibliográficos
Autor principal: Ličaková, Barbora (Autor)
Otros Autores: Mojžiš, Ján (Orientador)
Formato: Manuscrito Libro
Lenguaje:eslovaco
Publicado: 2019
Materias:
Acceso en línea:http://is.stuba.sk/zp/portal_zp.pl?podrobnosti=125614
Etiquetas: Agregar Etiqueta
Sin Etiquetas, Sea el primero en etiquetar este registro!

MARC

LEADER 00000ntm a22000003a 4500
001 stuzp66889
003 SK-STU
005 20190902082030.4
007 ta
008 150427s2015----xo-----f-mn---000-0-slo-d
040 |a STU  |b slo 
041 0 |a slo 
044 |a xo 
100 1 |a Ličaková, Barbora  |u 035000  |4 aut  |U FEI Fakulta elektrotechniky a informatiky  |T FEI Ústav informatiky a matematiky  |X 81470  |U E050  |Y 816  |7 81470 
242 0 1 |a Q & A evaluation system in educative environment with online application  |y eng 
245 1 0 |a Evaluačný systém typu Q & A v edukačnom prostredi s online aplikáciou 
260 |c 2019 
300 |a 30 s., príl.,  |b CD-ROM 
650 4 |a spätná väzba  |2 slo 
650 4 |a zdieľanie  |2 slo 
650 4 |a evaluácia  |2 slo 
650 4 |a materiály  |2 slo 
650 4 |a Q&A  |2 slo 
650 4 |a akademický informačný systém  |2 slo 
650 4 |a študijné  |2 slo 
650 4 |a study  |2 eng 
650 4 |a materials  |2 eng 
650 4 |a Q&A  |2 eng 
650 4 |a evaluation  |2 eng 
650 4 |a academic information system  |2 eng 
650 4 |a feedback  |2 eng 
650 4 |a sharing  |2 eng 
700 1 |a Mojžiš, Ján  |4 ths  |X 62185  |7 62185 
856 4 |u http://is.stuba.sk/zp/portal_zp.pl?podrobnosti=125614 
996 |b 284ER03002  |c E*Bc- 3002  |l EE35  |s P  |a 0  |w stuzp66889_0001